000 00427nam a2200169Ia 4500
008 090711s9999 xx 000 0 und d
082 _b50105
100 _aजाधव रा. ग.
245 _aपंSावटी
260 _c1985
300 _a94
600 _aजाधव रा. ग.
630 _aपंSावटी
700 _aजाधव रा. ग.
730 _aपंSावटी
942 _cBOOK
999 _c287012
_d287012